| 000 | 00925nam a2200253 a 4500 | ||
|---|---|---|---|
| 001 | 24708 | ||
| 003 | CO-ViMGA | ||
| 008 | 141112s2004 ck r 000 u spa d | ||
| 020 | _a8436808878 | ||
| 035 | _aAGS5318 LA | ||
| 040 |
_aCO-ViMGA _bspa _cCO-ViMGA |
||
| 041 | _aspa | ||
| 082 | 0 | 4 | _a618.928589 M67h |
| 100 | 1 |
_aMoreno García, Inmaculada. _936851 |
|
| 245 | 1 | 0 |
_aHiperactividad : _bprevención, evaluación y tratamiento en la infancia / _cInmaculada Moreno García. |
| 260 |
_aMadrid : _bEdiciones Pirámide, _c1998. |
||
| 300 | _a150 p. ; 21 cm. | ||
| 490 | _aColección ojos solares. tratamientos | ||
| 504 | _aIncluye bibliografía. | ||
| 650 | 1 | 4 |
_aHiperactividad _97152 |
| 650 | 1 | 4 |
_aNiños hiperactivos. _927440 |
| 942 |
_2ddc _cBK |
||
| 999 |
_c32514 _d32514 |
||